Dawne państwa po opisie - cz.2 - Statystyki

Ogólne statystyki
  • Ten quiz został rozwiązany 40 razy
  • Średni wynik to 5 z 11
Statystyki odpowiedzi
Opis państwa Lata istnienia Nazwa państwa % Poprawnych
Autonomiczne miasto-państwo istniejące w okresie międzywojennym w wyniku kompromisu w traktacie wersalskim, terytorium sporne między Polakami i Niemcami, finalnie anektowane przez Niemcy po ataku na Polskę 1 września 1939 roku. 1920-1939 Wolne Miasto Gdańsk
67%
Quasi-niepodległe państwo komunistyczne pomiędzy ZSRR, a Mongolią, faktycznie pod kontrolą Związku Radzieckiego, uznawane jedynie przez 2 państwa, finalnie włączone do ZSRS jako Tuwiński Obwód Autonomiczny. 1921-1944 Tuwińska Republika Ludowa
63%
Państwo zrzeszające wszystkie kraje skandynawskie, faktycznie unia personalna między 3 krajami, finalnie rozwiązana w wyniku wygranej powstania niepodległościowego w Szwecji. 1397-1523 Unia Kalmarska
63%
Państwo w Ameryce Północnej, faktycznie dominium zależne od Wielkiej Brytanii, brało udział w II wojnie światowej, finalnie włączone do Kanady w 1949. 1907-1949 Nowa Fundlandia
57%
Państwo powstałe w wyniku rozpadu Jugosławii, zrzeszające dwa państwa słowiańskie, upadło w wyniku ogłoszenia niepodległości przez jedno z nich, w 2008 od części jednego z państw oderwał się region autonomiczny, w którym konflikty wybuchały od rozpadu Jugosławii. 2003-2006 Związek Państwowy Serbii i Czarnogóry
57%
Państwo na Półwyspie Indochińskim powstałe w wyniku kompromisu po wyzwoleniu dawnych kolonii francuskich, silnie związane z demokracjami zachodnimi, głównie USA, upadło w wyniku przegranej w wojnie domowej z komunistyczną częścią kraju i zjednoczenia kraju. 1955-1975 Wietnam Południowy
53%
Państwo składające się z de facto suwerennych państw niemieckich, które uznawały symboliczną zwierzchność Cesarza, od wieku XV tytuł cesarza dzierżyli przedstawiciele jednej dynastii, upadło w wyniku przegranych bitew z napoleońską Francją. 962-1806 Święte Cesarstwo Rzymskie
47%
Państwo komunistyczne na Półwyspie Arabskim, powstało w wyniku zbrojnego uzyskania niepodległości od Wielkiej Brytanii podczas kryzysu sueskiego, zostało rozwiązane w wyniku zjednoczenia z północną częścią kraju. 1967-1990 Ludowo-Demokratyczna Republika Jemenu
40%
Państwo w Afryce, powstałe w wyniku połączenia brytyjskich kolonii, po I wojnie światowej uzyskało ono Namibię jako terytorium mandatowe, po ogłoszeniu suwerenności od Wielkiej Brytanii przekształcone w republikę. 1910-1961 Związek Południowej Afryki
30%
Państwo powstałe w wyniku interwencji Niemiec na Bałkanach w 1941 roku, kierowane przez tzw. ustaszy, silnie powiązane z faszystowskimi państwami w II wojnie światowej, upadło w wyniku zwycięstwa aliantów i opanowania tych terenów przez partyzantów (NOVJ). 1941-1945 Niepodległe Państwo Chorwackie
20%
Twór państwowoprawny pod bezpośrednią kontrolą ONZ jako kompromis po II wojnie światowej, roszczenia do tego terenu wysuwały Włochy i Jugosławia, finalnie rozwiązane po podziale i włączeniu części do obu krajów. 1947-1954 Wolne Terytorium Triestu
20%
Nie znaleziono quizów pasujących do podanych kryteriów
Rozkład punktacji
Procent ludzi z każdym wynikiem
Percentyl według liczby udzielonych odpowiedzi
Twoja historia wyników
Nie rozwiązałeś tego quizu